[Event "Caorle"]
[Site "?"]
[Date "1988.??.??"]
[Round "?"]
[White "Pavicic, Zeljko"]
[Black "Barle, Janez"]
[Result "0-1"]
[WhiteElo "2425"]
[BlackElo "2425"]
[PlyCount "62"]
[EventDate "1988.??.??"]
[Source "Fruth,M"]
[SourceDate "2003.05.15"]

1. e4 e5 2. Nf3 Nc6 3. Bc4 Bc5 4. Nc3 Nf6 5. d3 d6 6. Be3 Bb6 7. h3 O-O 8. Bg5
h6 9. Bh4 g5 10. Nxg5 hxg5 11. Bxg5 Be6 12. Qd2 Bxc4 13. f4 Bd4 14. Rf1 Be6 15.
O-O-O Kh7 16. Ne2 Rg8 17. Nxd4 Nxd4 18. Qf2 Rxg5 19. fxg5 Ng8 20. Qh4+ Kg7 21.
Rd2 d5 22. Rdf2 Qd6 23. Qh5 Rf8 24. Rf6 Qc5 25. c3 Nb5 26. Rh6 Qe3+ 27. Kc2
Nxh6 28. gxh6+ Kh7 29. h4 dxe4 30. dxe4 Qxe4+ 31. Kc1 Qe3+ 0-1

[Event "URS-ch TT"]
[Site "Podolsk"]
[Date "1990.??.??"]
[Round "?"]
[White "Neverovsky, G."]
[Black "Kuzmin, Alexey"]
[Result "1/2-1/2"]
[WhiteElo "2310"]
[BlackElo "2495"]
[PlyCount "68"]
[EventDate "1990.??.??"]
[EventType "team"]
[EventCountry "URS"]
[SourceDate "1999.07.01"]

1. e4 e5 2. Nf3 Nc6 3. Bc4 Bc5 4. d3 Nf6 5. Be3 Bb6 6. Nc3 d6 7. Qd2 Be6 8. Bb3
Bxe3 9. Qxe3 O-O 10. O-O Bxb3 11. axb3 d5 12. exd5 Nxd5 13. Qc5 Nxc3 14. bxc3
Qd6 15. Qc4 Kh8 16. Rfe1 Rae8 17. b4 a6 18. b5 axb5 19. Qxb5 b6 20. Re2 Re7 21.
Rae1 f6 22. d4 Rfe8 23. h3 g6 24. dxe5 Nxe5 25. Nxe5 fxe5 26. Re4 Kg7 27. g3
Qd2 28. Qb3 Qd6 29. c4 Qf6 30. Qc3 Re6 31. Kg2 R8e7 32. R1e3 Rf7 33. Qd2 Rc6
34. Qe2 Rc5 1/2-1/2

[Event "Werfen op"]
[Site "Werfen"]
[Date "1992.??.??"]
[Round "3"]
[White "Brandner, Stefan"]
[Black "Gebhardt, Ulrich"]
[Result "1-0"]
[WhiteElo "2235"]
[BlackElo "2225"]
[PlyCount "69"]
[EventDate "1992.??.??"]
[EventType "swiss"]
[EventRounds "9"]
[EventCountry "AUT"]
[Source "Fruth,M"]
[SourceDate "2003.05.15"]

1. e4 e5 2. Nf3 Nc6 3. Bc4 Bc5 4. d3 Nf6 5. Nc3 d6 6. Be3 Bb6 7. Qd2 Ng4 8.
Bxb6 axb6 9. h3 Nf6 10. Ng5 O-O 11. f4 exf4 12. Qxf4 h6 13. Nf3 Na5 14. O-O
Nxc4 15. dxc4 Be6 16. b3 Qe7 17. Nd5 Bxd5 18. exd5 Rfe8 19. Nd4 Qe3+ 20. Qxe3
Rxe3 21. Nb5 Ne8 22. Kf2 Re5 23. Rfe1 Kf8 24. a4 Ke7 25. Rxe5+ dxe5 26. Re1 Kf6
27. Kf3 Rc8 28. Nc3 Nd6 29. Ne4+ Ke7 30. c5 Nf5 31. c3 bxc5 32. Nxc5 Kd6 33.
Nxb7+ Kxd5 34. Rd1+ Kc6 35. Na5+ 1-0

[Event "AUT-ch"]
[Site "AUT"]
[Date "1993.??.??"]
[Round "1"]
[White "Lendwai, Reinhard"]
[Black "Schroll, Gerhard"]
[Result "1/2-1/2"]
[WhiteElo "2425"]
[BlackElo "2385"]
[PlyCount "36"]
[EventDate "1993.??.??"]
[EventType "tourn"]
[EventRounds "15"]
[EventCountry "AUT"]
[EventCategory "5"]
[Source "Fruth,M"]
[SourceDate "2003.05.15"]

1. e4 e5 2. Nf3 Nc6 3. Bc4 Bc5 4. d3 Nf6 5. Nc3 d6 6. Be3 Bb6 7. h3 Na5 8. Qe2
Nxc4 9. dxc4 Ba5 10. Bd2 b6 11. O-O-O Bxc3 12. Bxc3 Qe7 13. g4 Bb7 14. Nd2
O-O-O 15. f3 h5 16. Rdg1 Rh7 17. Nf1 hxg4 18. hxg4 Rdh8 1/2-1/2

[Event "YUG-ch TT 2"]
[Site "YUG"]
[Date "1994.??.??"]
[Round "3"]
[White "Saric, Igor"]
[Black "Jovcic, Milan"]
[Result "1/2-1/2"]
[WhiteElo "2320"]
[BlackElo "2265"]
[PlyCount "25"]
[EventDate "1994.??.??"]
[EventType "team"]
[EventRounds "11"]
[EventCountry "YUG"]
[Source "Fruth,M"]
[SourceDate "2003.05.15"]

1. e4 e5 2. Bc4 Nf6 3. d3 Nc6 4. Nc3 Bc5 5. Be3 Bb6 6. Nf3 d6 7. h3 h6 8. O-O
O-O 9. Re1 Na5 10. Bb3 Nxb3 11. axb3 Bxe3 12. Rxe3 c5 13. Nh2 1/2-1/2

[Event "AUT-ch TT 2W 199596"]
[Site "AUT"]
[Date "1995.??.??"]
[Round "?"]
[White "Hinteregger, Arthur"]
[Black "Fuchs, Georg"]
[Result "0-1"]
[WhiteElo "2240"]
[BlackElo "2230"]
[PlyCount "104"]
[EventDate "1995.??.??"]
[EventType "team"]
[EventRounds "11"]
[EventCountry "AUT"]
[Source "Fruth,M"]
[SourceDate "2003.05.15"]

1. e4 e5 2. Nf3 Nf6 3. Nc3 Nc6 4. Bc4 Bc5 5. d3 d6 6. Be3 Bb6 7. h3 Be6 8. Bb3
Qd7 9. d4 exd4 10. Nxd4 Ba5 11. f3 d5 12. O-O Bxc3 13. bxc3 O-O 14. Nxc6 Qxc6
15. e5 Nd7 16. f4 g6 17. Qe1 f5 18. exf6 Nxf6 19. Bd4 Ne4 20. Qh4 Qd7 21. Rad1
Qf7 22. Rde1 c5 23. Be5 b5 24. f5 c4 25. fxe6 Qxe6 26. Bd4 cxb3 27. Qh6 Qe7 28.
cxb3 Rxf1+ 29. Rxf1 Nxc3 30. Bf6 Ne2+ 31. Kh1 Ng3+ 32. Kg1 Qc5+ 33. Rf2 Nh5 34.
Bh4 Re8 35. Kh2 Qd4 36. Qg5 Ng7 37. Bg3 Qe4 38. Rd2 Nf5 39. Bf4 d4 40. h4 Kf7
41. h5 Re6 42. Rf2 Rf6 43. g3 d3 44. Bc1 h6 45. hxg6+ Kg7 46. Qd2 Rxg6 47. Bb2+
Kh7 48. Qc3 Ng7 49. Rd2 Rg5 50. Qxd3 Rh5+ 51. Kg1 Rh1+ 52. Kf2 Rh2+ 0-1

[Event "Vienna op G"]
[Site "Vienna"]
[Date "1996.??.??"]
[Round "9"]
[White "Kuba, Guenter"]
[Black "Fuchs, Georg"]
[Result "1/2-1/2"]
[WhiteElo "2200"]
[BlackElo "2210"]
[PlyCount "34"]
[EventDate "1996.08.??"]
[EventType "swiss"]
[EventRounds "9"]
[EventCountry "AUT"]
[Source "Fruth,M"]
[SourceDate "2003.05.15"]

1. e4 e5 2. Nf3 Nf6 3. Bc4 Nc6 4. d3 Bc5 5. Nc3 d6 6. Be3 Bb6 7. Qd2 Be6 8. Bb3
Qd7 9. O-O-O O-O-O 10. Bxe6 fxe6 11. Bxb6 axb6 12. d4 exd4 13. Nxd4 e5 14. Ndb5
Rhf8 15. Kb1 Ne7 16. f3 Nh5 17. a4 Nf4 1/2-1/2

[Event "W-ch U20 Girls"]
[Site "Zagan"]
[Date "1997.07.27"]
[Round "13"]
[White "Frenklakh, Jennie"]
[Black "Grabarska, Barbara"]
[Result "1/2-1/2"]
[WhiteElo "2135"]
[BlackElo "2235"]
[PlyCount "61"]
[EventDate "1997.07.14"]
[EventType "swiss"]
[EventRounds "13"]
[EventCountry "POL"]
[Source "Fruth,M"]
[SourceDate "2003.05.15"]

1. e4 e5 2. Nf3 Nc6 3. Bc4 Bc5 4. d3 Nf6 5. Be3 Bb6 6. Nc3 d6 7. h3 Be6 8. Bb3
Ne7 9. O-O Qd7 10. Ng5 Bxb3 11. axb3 h6 12. Nf3 O-O 13. Qd2 Ng6 14. d4 exd4 15.
Nxd4 Rfe8 16. f3 d5 17. Nf5 Bxe3+ 18. Qxe3 Qxf5 19. exf5 Rxe3 20. fxg6 fxg6 21.
Rfd1 c6 22. b4 a6 23. b5 Rb8 24. bxc6 bxc6 25. Rxa6 Rxb2 26. Rxc6 d4 27. Rxd4
Rxc2 28. Rdc4 Re1+ 29. Kh2 Rec1 30. Rc8+ Kh7 31. R4c7 1/2-1/2

[Event "Martorell op A"]
[Site "Martorell"]
[Date "1997.??.??"]
[Round "3"]
[White "Borrellas Comellas, Josep"]
[Black "Roca Calaf, Jordi"]
[Result "1-0"]
[WhiteElo "2130"]
[BlackElo "2055"]
[PlyCount "58"]
[EventDate "1997.09.??"]
[EventType "swiss"]
[EventRounds "9"]
[EventCountry "ESP"]
[Source "Fruth,M"]
[SourceDate "2003.05.15"]

1. e4 e5 2. Nf3 Nc6 3. Bc4 Bc5 4. d3 Nf6 5. Nc3 d6 6. Be3 Bb6 7. h3 Ne7 8. d4
exd4 9. Nxd4 O-O 10. O-O Nxe4 11. Nxe4 d5 12. Bd3 dxe4 13. Bxe4 f5 14. Bd3 f4
15. Qh5 Ng6 16. Rad1 fxe3 17. Bc4+ Kh8 18. Ne6 exf2+ 19. Kh2 Bxe6 20. Rxd8 Bxc4
21. Rdd1 Rae8 22. g3 Be2 23. Qd5 c6 24. Qd2 Bxd1 25. Qxd1 Ne7 26. c4 Nf5 27. b4
Ne3 28. Qb1 Nxf1+ 29. Qxf1 Re1 1-0

[Event "NRW Cup Masters op"]
[Site "Muenster"]
[Date "1997.??.??"]
[Round "2"]
[White "Keitlinghaus, Ludger"]
[Black "Zobel, Andrej"]
[Result "1-0"]
[WhiteElo "2525"]
[BlackElo "2080"]
[PlyCount "38"]
[EventDate "1997.10.??"]
[EventType "swiss"]
[EventRounds "9"]
[EventCountry "GER"]
[Source "Fruth,M"]
[SourceDate "2003.05.15"]

1. e4 e5 2. Bc4 Bc5 3. Nf3 d6 4. Nc3 Nc6 5. d3 Nf6 6. Be3 Bb6 7. h3 O-O 8. Bg5
Be6 9. Nd5 Na5 10. Nxf6+ gxf6 11. Bh4 Nxc4 12. dxc4 Kh8 13. Nh2 Rg8 14. Ng4 Rg6
15. Qf3 Kg7 16. O-O-O Bxg4 17. hxg4 Qd7 18. Bxf6+ Kg8 19. g5 Qe6 1-0

[Event "Szeged TT09 IM"]
[Site "Szeged"]
[Date "1998.09.24"]
[Round "8"]
[White "Papp Z, Csaba"]
[Black "Berecz, Arpad"]
[Result "1-0"]
[WhiteElo "2310"]
[BlackElo "2210"]
[PlyCount "79"]
[EventDate "1998.09.17"]
[EventType "tourn"]
[EventRounds "9"]
[EventCountry "HUN"]
[EventCategory "1"]
[Source "Fruth,M"]
[SourceDate "2003.05.15"]

1. e4 e5 2. Nf3 Nc6 3. Bc4 Bc5 4. d3 Nf6 5. Be3 Bb6 6. Nc3 d6 7. h3 Qe7 8. Bg5
Be6 9. Nd5 Bxd5 10. exd5 Nd4 11. O-O Nxf3+ 12. Qxf3 h6 13. Bb5+ Kf8 14. Bh4 g5
15. Bg3 Kg7 16. c3 h5 17. h4 Ng4 18. hxg5 Qxg5 19. Bd7 Kg6 20. d4 Rad8 21. Bb5
f5 22. Rfe1 f4 23. Bd3+ Kg7 24. Bxf4 Qxf4 25. Qxf4 exf4 26. Re7+ Kh6 27. Re6+
Kg5 28. Rg6+ Kh4 29. f3 Ne5 30. Rg7 Rhg8 31. Rxg8 Rxg8 32. Be4 Nc4 33. Kf2 Nxb2
34. Rh1+ Kg5 35. g3 fxg3+ 36. Kxg3 Na4 37. Re1 h4+ 38. Kf2 Kf4 39. Rh1 Rh8 40.
Rg1 1-0

[Event "GER-ch TT Oberliga S Wuerttember 199899"]
[Site "Wuerttemberg"]
[Date "1998.11.08"]
[Round "2"]
[White "Heinl, Thomas"]
[Black "Rabl, Joerg Stefan"]
[Result "0-1"]
[WhiteElo "2215"]
[BlackElo "2215"]
[PlyCount "108"]
[EventDate "1998.10.??"]
[EventType "team"]
[EventRounds "9"]
[EventCountry "GER"]
[Source "Fruth,M"]
[SourceDate "2003.05.15"]

1. e4 e5 2. Nf3 Nc6 3. Bc4 Bc5 4. Nc3 d6 5. d3 Nf6 6. Be3 Bb6 7. Qd2 Be6 8. Bb3
Qe7 9. O-O O-O 10. Rfe1 Rad8 11. Nd5 Bxd5 12. Bxd5 Bxe3 13. Rxe3 Qd7 14. Bb3
Nh5 15. c3 Nf4 16. g3 Ng6 17. h4 h6 18. Qe2 Nce7 19. d4 Qh3 20. Rd1 Nc6 21. Nh2
Rde8 22. Qh5 Kh7 23. Nf3 f6 24. Bc4 Qd7 25. Kh2 Nge7 26. dxe5 Nxe5 27. Nxe5
fxe5 28. Kg1 Ng8 29. Qe2 Nf6 30. Bb5 c6 31. Bc4 Qh3 32. Qf1 Qg4 33. Be2 Qe6 34.
Bc4 d5 35. exd5 cxd5 36. Bxd5 Qb6 37. Qe2 Kh8 38. Bg2 h5 39. Bh3 e4 40. Qe1
Qxb2 41. Re2 Qb6 42. Rd4 Qa5 43. c4 Qc5 44. Qd1 g6 45. Qd2 Kh7 46. Qe3 Qc7 47.
Red2 Re7 48. Rd6 Qxc4 49. Qg5 Qf7 50. Qc5 e3 51. fxe3 Ne4 52. Qb4 Nxd2 53. Rxd2
Rxe3 54. Rd7 Rxg3+ 0-1

[Event "GER-ch U16"]
[Site "Willingen"]
[Date "2001.06.04"]
[Round "3"]
[White "Berrang, Gerrit"]
[Black "Boutko, Dimitri"]
[Result "1-0"]
[WhiteElo "2226"]
[BlackElo "2124"]
[PlyCount "41"]
[EventDate "2001.??.??"]
[EventType "swiss"]
[EventRounds "9"]
[EventCountry "GER"]
[Source "Fruth,M"]
[SourceDate "2003.05.15"]

1. e4 e5 2. Nf3 Nc6 3. Bc4 Bc5 4. d3 Nf6 5. Nc3 d6 6. Be3 Bb6 7. Qe2 Be6 8.
O-O-O Ba5 9. Nd5 h6 10. d4 Nxe4 11. dxe5 Qd7 12. Bf4 Bf5 13. exd6 cxd6 14. Bb5
a6 15. Ne5 Qc8 16. Nc4 Qe6 17. Nxa5 O-O 18. Bxc6 bxc6 19. Nxc6 Rfe8 20. f3 Rac8
21. Nce7+ 1-0

[Event "Avoine op 16"]
[Site "Avoine"]
[Date "2001.07.23"]
[Round "3"]
[White "Marie, Maxime"]
[Black "Kort, Jacob"]
[Result "1-0"]
[WhiteElo "2157"]
[BlackElo "2259"]
[PlyCount "57"]
[EventDate "2001.07.21"]
[EventType "swiss"]
[EventRounds "7"]
[EventCountry "FRA"]
[Source "Fruth,M"]
[SourceDate "2003.05.15"]

1. e4 e5 2. Nf3 Nc6 3. Bc4 Bc5 4. Nc3 d6 5. d3 Nf6 6. Be3 Bb6 7. h3 O-O 8. Qd2
Na5 9. Bb3 c6 10. O-O-O Bc7 11. g4 d5 12. exd5 Nxb3+ 13. axb3 Nxd5 14. Rdg1 Re8
15. Ne4 a5 16. Kb1 b6 17. h4 Qe7 18. c4 Nb4 19. Bg5 Qf8 20. Nf6+ Kh8 21. Nxe8
Qxe8 22. h5 c5 23. h6 a4 24. hxg7+ Kg8 25. Rxh7 Kxh7 26. Rh1+ Kxg7 27. Be7 Qc6
28. Qg5+ Qg6 29. Bf6+ 1-0

[Event "Bergen Chess International op"]
[Site "Bergen"]
[Date "2001.08.07"]
[Round "4"]
[White "Moen, Andreas"]
[Black "Zimny, Joanna"]
[Result "1-0"]
[WhiteElo "2218"]
[BlackElo "2087"]
[PlyCount "115"]
[EventDate "2001.08.04"]
[EventType "swiss"]
[EventRounds "9"]
[EventCountry "NOR"]
[Source "Fruth,M"]
[SourceDate "2003.05.15"]

1. e4 e5 2. Nf3 Nc6 3. Bc4 Bc5 4. Nc3 Nf6 5. d3 d6 6. Be3 Bb6 7. Qd2 Be6 8. Bb3
O-O 9. O-O-O Bxb3 10. axb3 d5 11. Bg5 dxe4 12. Nxe4 Nxe4 13. dxe4 Qxd2+ 14.
Rxd2 f6 15. Bh4 Rad8 16. Rhd1 Rxd2 17. Rxd2 Rd8 18. Re2 g5 19. Bg3 Nd4 20. Nxd4
Bxd4 21. h3 Kf7 22. c3 Bb6 23. Rd2 Rxd2 24. Kxd2 Ke6 25. f3 Kd6 26. Kd3 Bg1 27.
Kc4 Kc6 28. h4 h6 29. h5 Kd6 30. b4 a6 31. b5 a5 32. b4 axb4 33. Kxb4 b6 34.
Be1 Ke6 35. Kc4 Bc5 36. Bd2 Bf2 37. Bc1 Bc5 38. Kd3 Kd6 39. Ke2 Ke6 40. g3 Bd6
41. Be3 Kf7 42. c4 Ke6 43. Kf1 f5 44. exf5+ Kxf5 45. g4+ Ke6 46. Ke2 Be7 47.
Kd3 Bf8 48. Ke4 Bc5 49. Bd2 Bd4 50. Bb4 Bb2 51. Bf8 Kf6 52. Kd5 Bd4 53. Bxh6
Bc5 54. Kc6 Bd6 55. Kd7 e4 56. fxe4 Ke5 57. Bxg5 Kxe4 58. Bf6 1-0

[Event "Dotzheim op 1"]
[Site "Dotzheim"]
[Date "2002.08.31"]
[Round "9"]
[White "Haas, Michael"]
[Black "Heindrich, Mark"]
[Result "0-1"]
[WhiteElo "2111"]
[BlackElo "2186"]
[PlyCount "78"]
[EventDate "2002.08.24"]
[EventType "swiss"]
[EventRounds "9"]
[EventCountry "GER"]
[Source "Fruth,M"]
[SourceDate "2003.05.15"]

1. e4 e5 2. Nf3 Nc6 3. Bc4 Bc5 4. Nc3 Nf6 5. d3 d6 6. Be3 Bb6 7. h3 Be6 8. Bb3
O-O 9. Qe2 Ba5 10. O-O Ne7 11. Ng5 Bxb3 12. axb3 Bb6 13. Ra4 Ng6 14. Rfa1 a6
15. Bxb6 cxb6 16. g3 Rc8 17. Re1 b5 18. Raa1 b4 19. Nd1 Nd7 20. Nf3 Ne7 21. Ne3
Nc5 22. Qd2 f5 23. exf5 Nxf5 24. Nxf5 Rxf5 25. Nh4 Rf7 26. Qxb4 Ne6 27. c3 Nf4
28. gxf4 Qxh4 29. Qxd6 Qxf4 30. Re2 Rc6 31. Qd8+ Rf8 32. Qd5+ Kh8 33. Qe4 Rg6+
34. Kh1 Qg5 35. Qxb7 Qh4 36. Kh2 Rxf2+ 37. Rxf2 Qxf2+ 38. Kh1 h6 39. Qe4 Qg3
0-1

[Event "FRA-ch TT 2 200203"]
[Site "FRA"]
[Date "2003.03.16"]
[Round "9"]
[White "Bodenez, Vincent"]
[Black "Sinkovics, Peter"]
[Result "0-1"]
[WhiteElo "2103"]
[BlackElo "2325"]
[PlyCount "112"]
[EventDate "2003.??.??"]
[EventType "team"]
[EventCountry "FRA"]
[Source "Fruth,M"]
[SourceDate "2003.05.15"]

1. e4 e5 2. Bc4 Nf6 3. Nc3 Nc6 4. d3 Bc5 5. Nf3 d6 6. Be3 Bb6 7. h3 Be6 8. Bb3
Bxe3 9. fxe3 Bxb3 10. axb3 d5 11. exd5 Nxd5 12. Nxd5 Qxd5 13. e4 Qc5 14. Qd2
Nd4 15. Nxd4 Qxd4 16. Ra2 a6 17. Qf2 Qxf2+ 18. Kxf2 O-O-O 19. Ke3 Rd6 20. Rf1
f6 21. Raa1 Kd7 22. Rf2 Ke6 23. Raf1 h5 24. Rf5 h4 25. R1f2 c5 26. Kd2 b5 27.
Kc3 a5 28. Rf1 Rh6 29. Ra1 Ra6 30. Kd2 Rg6 31. Rf2 Rg3 32. Ke2 g6 33. Kf1 f5
34. Rf3 f4 35. Rxg3 hxg3 36. Ke2 Kf6 37. Kf3 Kg5 38. Ra2 Kh4 39. Ra1 g5 40. Ra3
Ra8 41. Ra1 c4 42. bxc4 bxc4 43. dxc4 Rd8 44. Ke2 Rd4 45. Rxa5 Rxc4 46. Ra8
Rxe4+ 47. Kf1 Kh5 48. Ra5 Kg6 49. b3 Re3 50. Rc5 Kf6 51. b4 e4 52. Rc6+ Ke7 53.
Rg6 f3 54. gxf3 exf3 55. Rxg5 f2 56. Kg2 Re1 0-1

[Event "BCF-ch"]
[Site "Blackpool"]
[Date "1988.??.??"]
[Round "?"]
[White "Muir, Andrew J"]
[Black "Lane, Gary W"]
[Result "0-1"]
[WhiteElo "2240"]
[BlackElo "2410"]
[PlyCount "64"]
[EventDate "1988.08.??"]
[EventType "swiss"]
[EventRounds "11"]
[EventCountry "ENG"]
[Source "ChessBase"]

1. e4 e5 2. Nf3 Nc6 3. Nc3 Nf6 4. Bc4 Bc5 5. d3 d6 6. Be3 Bb6 7. h3 Be6 8. Bb3
h6 9. d4 exd4 10. Nxd4 Nxd4 11. Bxd4 O-O 12. O-O Re8 13. Bxb6 axb6 14. Re1 c6
15. Qd4 b5 16. Bxe6 Rxe6 17. a4 bxa4 18. Rxa4 Rxa4 19. Nxa4 Qe7 20. f3 Nh5 21.
Nc3 Rg6 22. e5 Qg5 23. g4 dxe5 24. Qxe5 Qh4 25. Re2 Qxh3 26. Qe8+ Kh7 27. Qxf7
Qg3+ 28. Rg2 Qe1+ 29. Kh2 Qe5+ 30. Kh1 Nf4 31. Rg1 Qg5 32. Rd1 Qh4+ 0-1

[Event "RUS Cup Qualifier"]
[Site "Internet"]
[Date "2004.12.24"]
[Round "?"]
[White "Savchenko, Boris"]
[Black "Ovetchkin, Roman"]
[Result "0-1"]
[WhiteElo "2484"]
[BlackElo "2475"]
[PlyCount "64"]
[EventDate "2004.12.24"]
[EventType "swiss (rapid)"]
[EventRounds "13"]
[EventCountry "RUS"]
[Source "ChessBase"]
[SourceDate "2005.03.03"]

1. e4 e5 2. Nf3 Nf6 3. Nc3 Nc6 4. Bc4 Bc5 5. d3 d6 6. Be3 Bb6 7. O-O Bg4 8. h3
Bh5 9. g4 Bg6 10. Nh4 Nd4 11. Nf5 Bxf5 12. exf5 d5 13. Bb5+ c6 14. Ba4 h5 15.
g5 Nd7 16. Re1 Nxf5 17. Bxb6 Qxg5+ 18. Kh1 axb6 19. Nxd5 Rxa4 20. c4 Ra5 21. b4
Ra3 22. Ne3 Nxe3 23. Rxe3 Rh6 24. Qe2 Rg6 25. Rg3 Qf5 26. Rag1 Rxg3 27. Rxg3 g6
28. Kh2 Kd8 29. Qd2 Kc7 30. Kg2 e4 31. dxe4 Qxe4+ 32. f3 Qxc4 0-1

[Event "Baharov mem 13th"]
[Site "Sofia"]
[Date "2005.11.28"]
[Round "6"]
[White "Dimitrov, Radoslav"]
[Black "Mladenov, Ilian"]
[Result "1/2-1/2"]
[WhiteElo "2100"]
[BlackElo "2207"]
[PlyCount "120"]
[EventDate "2005.11.25"]
[EventType "swiss"]
[EventRounds "7"]
[EventCountry "BUL"]
[Source "ChessBase"]
[SourceDate "2006.01.03"]

1. e4 e5 2. Nf3 Nc6 3. Bc4 Bc5 4. Nc3 d6 5. d3 Nf6 6. Be3 Bb6 7. Qd2 h6 8.
O-O-O Be6 9. Bxe6 fxe6 10. d4 Ng4 11. h3 Nxe3 12. fxe3 O-O 13. d5 exd5 14. Nxd5
Ne7 15. Rhe1 Kh7 16. h4 Bc5 17. b4 Bb6 18. a4 Nxd5 19. Qxd5 a5 20. b5 Qc8 21.
Kb2 Rb8 22. Nd2 Rf2 23. Nc4 Bc5 24. Rf1 Rxg2 25. Qf7 c6 26. Rg1 Rxg1 27. Rxg1
Qf8 28. Qc7 d5 29. Nxa5 Bxe3 30. Rxg7+ Qxg7 31. Qxb8 Bb6 32. Nxb7 cxb5 33. axb5
Qe7 34. c3 dxe4 35. Qc8 e3 36. Qf5+ Kg7 37. Qg4+ Kf8 38. Qf5+ Kg7 39. Qg4+ Kf6
40. Qf3+ Kg7 41. Qg4+ Kf8 42. Qf5+ Qf7 43. Qxf7+ Kxf7 44. Kc2 Ke6 45. c4 Bd4
46. Kd3 Kd7 47. Na5 e4+ 48. Ke2 Kd6 49. Nb3 Bb6 50. h5 Ba7 51. Na5 Bd4 52. Nc6
Bb6 53. Nb4 Kc5 54. Nd5 Bd8 55. Nxe3 Kd4 56. Nf5+ Kxc4 57. Nd6+ Kb4 58. Ke3 Be7
59. Nf5 Bg5+ 60. Kxe4 Kxb5 1/2-1/2

[Event "Liepajas Rokade"]
[Site "Liepaja"]
[Date "2006.08.06"]
[Round "12"]
[White "Neiksans, Arturs"]
[Black "Georgiev, Kiril"]
[Result "0-1"]
[WhiteElo "2454"]
[BlackElo "2685"]
[PlyCount "92"]
[EventDate "2006.08.04"]
[EventType "tourn (rapid)"]
[EventRounds "13"]
[EventCountry "LAT"]
[EventCategory "12"]
[Source "ChessBase"]
[SourceDate "2006.09.14"]

1. e4 e5 2. Nf3 Nc6 3. Bc4 Bc5 4. d3 Nf6 5. Nc3 d6 6. Be3 Bb6 7. Bxb6 axb6 8.
h3 O-O 9. O-O Na5 10. Bb3 c6 11. Nd2 b5 12. Kh1 b4 13. Ne2 d5 14. Ng3 Qd6 15.
Qe2 Re8 16. Rae1 Bd7 17. f4 Nxb3 18. axb3 exf4 19. e5 Qc5 20. Rxf4 Rxe5 21.
Qxe5 Re8 22. Nf3 Rxe5 23. Nxe5 Be6 24. Re2 h6 25. d4 Qa7 26. Nd3 Qb8 27. Ref2
Qd6 28. Re2 b6 29. Rf3 c5 30. dxc5 bxc5 31. Nf4 Bd7 32. Nfh5 Ne4 33. Rfe3 f5
34. Rd3 Bb5 35. Nxf5 Qe5 36. Rxd5 Nf2+ 37. Rxf2 Qe1+ 38. Kh2 Qxf2 39. Nhxg7 Bf1
40. Ne3 Qxe3 41. Nf5 Qf2 42. Nxh6+ Kh7 43. Rg5 Qf4+ 44. Rg3 Kxh6 45. h4 Kh5 46.
Kh3 Qxh4# 0-1

[Event "1st WMSG Rapid Team"]
[Site "Beijing CHN"]
[Date "2008.10.15"]
[Round "3"]
[White "Neiksans, A."]
[Black "Diermair, A."]
[Result "0-1"]
[WhiteElo "2456"]
[BlackElo "2365"]
[PlyCount "130"]
[EventDate "2008.10.14"]
[SourceDate "1999.07.01"]

1. e4 e5 2. Nf3 Nc6 3. Bc4 Bc5 4. d3 Nf6 5. Nc3 d6 6. Be3 Bb6 7. h3 Be6 8. Bxb6
axb6 9. Bxe6 fxe6 10. d4 exd4 11. Nxd4 Qe7 12. O-O O-O 13. Kh2 Kh8 14. f4 e5
15. Nxc6 bxc6 16. f5 b5 17. a3 Rad8 18. Qe2 Rb8 19. b4 d5 20. exd5 e4 21. Qe3
Qe5+ 22. Qg3 Qxg3+ 23. Kxg3 cxd5 24. Ne2 Nd7 25. Rad1 c6 26. Nd4 Ne5 27. Kf4
Rbe8 28. g4 h6 29. Rfe1 Rf6 30. h4 Ng6+ 31. Kg3 Ne5 32. g5 Rf7 33. Re3 Nc4 34.
Rc3 e3 35. g6 Rff8 36. Kf3 Re4 37. h5 e2 38. Re1 Rxd4 39. Rxe2 Rxf5+ 40. Kg3
Rf8 41. Re7 Rdf4 42. Rc7 R4f5 43. Rxc6 Rxh5 44. Kg4 Rg5+ 45. Kh4 Ne5 46. Rc8
Nxg6+ 47. Kh3 Rxc8 48. Rxc8+ Kh7 49. Rc5 d4 50. Rc7 h5 51. Rd7 Nf4+ 52. Kh2 Rd5
53. Rc7 Kh6 54. Kg3 Ng6 55. Rc6 Kg5 56. Rc7 h4+ 57. Kf3 Rf5+ 58. Kg2 Nf4+ 59.
Kh2 g6 60. Re7 Kg4 61. Rd7 g5 62. Rxd4 Re5 63. Rd8 Re2+ 64. Kg1 Rxc2 65. Rg8 h3
0-1

[Event "Malmo Open"]
[Site "Malmo SWE"]
[Date "2012.12.15"]
[Round "2"]
[White "Rydstrom, Tom"]
[Black "Pedersen, NicV"]
[Result "0-1"]
[WhiteElo "2174"]
[BlackElo "2443"]
[PlyCount "112"]
[EventDate "2012.12.14"]
[SourceDate "1999.07.01"]

1. e4 e5 2. Nf3 Nc6 3. Bc4 Bc5 4. Nc3 Nf6 5. d3 d6 6. Be3 Bb6 7. h3 Nd4 8. O-O
Be6 9. Bb3 O-O 10. Na4 Bxb3 11. axb3 Ne6 12. Nxb6 axb6 13. Qd2 Qe7 14. Ng5 Nh5
15. Nxe6 fxe6 16. d4 exd4 17. Qxd4 Qf6 18. Qxf6 Nxf6 19. f3 e5 20. Ra4 b5 21.
Raa1 Kf7 22. Kf2 Ke6 23. Ke2 Nh5 24. Rfd1 h6 25. c4 bxc4 26. bxc4 b6 27. Kd2
Rfb8 28. Kc3 Nf6 29. b3 Ng8 30. Kb2 Ne7 31. Rxa8 Rxa8 32. Ra1 Rc8 33. Kc3 Nc6
34. b4 Rb8 35. Ra6 Kd7 36. Ra1 Nd8 37. Kd3 Nc6 38. Kc3 Nd8 39. Kd3 Kc6 40. Kc3
Ne6 41. Kd3 Kb7 42. Kc3 Rf8 43. Kd3 Rf6 44. Ra2 Rg6 45. Kc3 Rf6 46. Kd3 Rf8 47.
Kc3 Nd8 48. Kd3 Nc6 49. Kc3 Rf7 50. Kb3 Rf6 51. Kc3 Rg6 52. Kb3 Rg3 53. Kc3 Ne7
54. Kd3 Ng6 55. Ra1 Rxg2 56. Rh1 Nh4 0-1

[Event "2nd Split Open 2012"]
[Site "Split CRO"]
[Date "2012.08.14"]
[Round "4.2"]
[White "Torres Sanchez, J."]
[Black "Jovanic, O."]
[Result "0-1"]
[WhiteElo "2278"]
[BlackElo "2508"]
[PlyCount "61"]
[EventDate "2012.08.11"]
[SourceDate "1999.07.01"]

1. e4 e5 2. Bc4 Nf6 3. d3 Nc6 4. Nf3 Bc5 5. Nc3 d6 6. Be3 Bb6 7. Bxb6 axb6 8.
h3 O-O 9. O-O h6 10. Nh2 Na5 11. Bb3 Nxb3 12. axb3 Rxa1 13. Qxa1 Nh5 14. Qd1 g6
15. Kh1 c6 16. Ng4 Kh7 17. Nh2 b5 18. b4 Qe7 19. d4 Nf4 20. Nf3 g5 21. Nh2 Rg8
22. f3 h5 23. dxe5 dxe5 24. g3 Nxh3 25. f4 exf4 26. Qxh5+ Kg7 27. gxf4 Rh8 28.
Qd1 Nxf4 29. Qd4+ f6 30. Rg1 Kg6 31. Nd1 0-1